[Event "XXIV Open"]
[Site "Cappelle La Grande FRA"]
[Date "2008.02.22"]
[Round "8"]
[White "Shengelia,D"]
[Black "Papp,Ga"]
[Result "0-1"]
[WhiteElo "2568"]
[BlackElo "2484"]
[EventDate "2008.02.16"]

1. d4 Nf6 2. c4 e6 3. Nf3 b6 4. g3 Ba6 5. Qc2 c5 6. d5 exd5 7. cxd5 Bb7 8.
Bg2 Nxd5 9. O-O Be7 10. Ne5 Qc7 11. Qe4 Nc6 12. Qxd5 Nd8 13. Qd3 Qxe5 14.
Bxb7 Nxb7 15. Nc3 O-O 16. Nd5 Bd6 17. Bf4 Qe6 18. Rfd1 Rfe8 19. e3 Rac8 20.
Rac1 Be5 21. Qa6 Bxf4 22. Nxf4 Qc6 23. a4 c4 24. b4 Nd6 25. b5 Qc7 26. a5
Ne4 27. axb6 axb6 28. Nd5 Qe5 29. Qa2 Rc5 30. Nxb6 Nc3 31. Qa3 Nxd1 32.
Nxd7 Qf5 33. Rxd1 Rd5 34. Rxd5 Qxd5 35. Nc5 Ra8 0-1

[Event "XXIV Open"]
[Site "Cappelle La Grande FRA"]
[Date "2008.02.22"]
[Round "8"]
[White "Akesson,R"]
[Black "Rozentalis,E"]
[Result "0-1"]
[WhiteElo "2470"]
[BlackElo "2567"]
[EventDate "2008.02.16"]

1. Nf3 Nf6 2. c4 e6 3. Nc3 Bb4 4. Qc2 O-O 5. a3 Bxc3 6. Qxc3 b6 7. e3 Bb7
8. Be2 d6 9. b4 Ne4 10. Qc2 Qf6 11. Bb2 Qg6 12. d3 Ng5 13. h4 Nxf3+ 14.
Bxf3 Bxf3 15. gxf3 Qh5 16. O-O-O f6 17. f4 a5 18. b5 Nd7 19. Rdg1 Rac8 20.
Qd1 Qxd1+ 21. Kxd1 c6 22. bxc6 Rxc6 23. Rg2 e5 24. Rhg1 Rf7 25. f5 Nc5 26.
Ke2 b5 27. cxb5 Rb6 28. Ba1 Rxb5 29. d4 Nb3 30. dxe5 dxe5 31. Rg4 Rc7 32.
h5 h6 33. Rd1 Kf7 34. Bc3 e4 35. Rxe4 Rxf5 36. Be1 Rxh5 37. Rd8 Rh1 38. Rb8
Nc5 39. Rd4 a4 40. Ba5 Rd7 41. Rxd7+ Nxd7 42. Rb7 Ke6 43. Be1 h5 44. Ra7 g5
45. Rxa4 h4 46. Ra6+ Kf5 47. Rd6 Ne5 48. e4+ Kxe4 49. Rxf6 h3 50. Rh6 Nf3
51. Bb4 g4 52. Re6+ Kf5 53. Rh6 h2 0-1

[Event "XXIV Open"]
[Site "Cappelle La Grande FRA"]
[Date "2008.02.22"]
[Round "8"]
[White "Timoshenko,G"]
[Black "Van der Weide,K"]
[Result "1-0"]
[WhiteElo "2560"]
[BlackElo "2483"]
[EventDate "2008.02.16"]

1. e4 c5 2. Nf3 d6 3. d4 cxd4 4. Nxd4 Nf6 5. Nc3 a6 6. Be2 e5 7. Nb3 Be6 8.
f4 Qc7 9. g4 h6 10. g5 hxg5 11. fxg5 Nfd7 12. Bg4 Nc6 13. Be3 O-O-O 14.
Bxe6 fxe6 15. Qg4 Nb4 16. O-O-O d5 17. exd5 exd5 18. a3 d4 19. axb4 dxc3
20. Rd3 cxb2+ 21. Kxb2 Kb8 22. Rc3 Qd6 23. Rd1 Rh4 24. Qxh4 Qxd1 25. Rd3
Qh1 26. Na5 Be7 27. Qg4 Kc7 28. Rd1 1-0

[Event "XXIV Open"]
[Site "Cappelle La Grande FRA"]
[Date "2008.02.22"]
[Round "8"]
[White "David,Alb"]
[Black "Vavrak,P"]
[Result "1-0"]
[WhiteElo "2557"]
[BlackElo "2472"]
[EventDate "2008.02.16"]

1. e4 c5 2. Nf3 Nc6 3. d4 cxd4 4. Nxd4 g6 5. Nc3 Bg7 6. Be3 Nf6 7. Bc4 Qa5
8. O-O O-O 9. Bb3 d6 10. h3 Bd7 11. Re1 Qh5 12. Qd3 Ne5 13. Qf1 g5 14. f3
Qg6 15. Rad1 Kh8 16. Qf2 a6 17. Nde2 h5 18. f4 gxf4 19. Nxf4 Qh7 20. Nd3
Bc6 21. Nxe5 dxe5 22. Bc5 Rae8 23. Qh4 Qh6 24. Rf1 Qg6 25. Rd3 Bb5 26. Nxb5
axb5 27. Rf5 b6 28. Bb4 Qh6 29. Bd2 Qh7 30. Bg5 Rd8 31. Bxf6 Bxf6 32. Rxf6
Rxd3 33. Rf5 Rd1+ 34. Kh2 Qg6 35. Rxh5+ Kg7 36. Rg5 1-0

[Event "XXIV Open"]
[Site "Cappelle La Grande FRA"]
[Date "2008.02.22"]
[Round "8"]
[White "Gulko,B"]
[Black "Salgado Lopez,I"]
[Result "1/2-1/2"]
[WhiteElo "2550"]
[BlackElo "2459"]
[EventDate "2008.02.16"]

1. d4 Nf6 2. c4 e6 3. Nc3 Bb4 4. e3 b6 5. Bd3 Bb7 6. Nf3 O-O 7. O-O d5 8.
Qe2 Nbd7 9. a3 Be7 10. b3 c5 11. Bb2 Rc8 12. Rac1 dxc4 13. bxc4 Qc7 14.
Rfd1 Rfe8 15. d5 exd5 16. cxd5 Nxd5 17. Nxd5 Bxd5 18. Bxh7+ Kxh7 19. Rxd5
Nf6 20. Rg5 Qd7 21. Qc4 Kg8 22. Qf4 Qe6 23. Rxg7+ Kxg7 24. Qc4 Qd7 25. Nh4
Kg8 1/2-1/2

[Event "XXIV Open"]
[Site "Cappelle La Grande FRA"]
[Date "2008.02.22"]
[Round "8"]
[White "Cyborowski,L"]
[Black "Simutowe,A"]
[Result "0-1"]
[WhiteElo "2543"]
[BlackElo "2457"]
[EventDate "2008.02.16"]

1. c4 e5 2. Nc3 Nf6 3. Nf3 Nc6 4. a3 d5 5. cxd5 Nxd5 6. d3 Be7 7. g3 Be6 8.
Bg2 Nb6 9. O-O O-O 10. b4 f6 11. Be3 a5 12. Bxb6 axb4 13. axb4 Rxa1 14.
Qxa1 cxb6 15. b5 Na5 16. Qb2 Qd6 17. Ne4 Qd7 18. Nc3 Rc8 19. Ne4 h6 20.
Ned2 Rc5 21. Rb1 Qc7 22. Ne1 Rc3 23. Nc4 Rb3 24. Qxb3 Nxb3 25. Rxb3 Bc5 26.
Rb1 Qd7 27. Kf1 f5 28. Nf3 e4 29. Nfe5 Qd4 30. e3 Qc3 31. Rd1 Qc2 32. Rd2
exd3 0-1

[Event "XXIV Open"]
[Site "Cappelle La Grande FRA"]
[Date "2008.02.22"]
[Round "8"]
[White "Degraeve,JM"]
[Black "Hess,Ro"]
[Result "1/2-1/2"]
[WhiteElo "2535"]
[BlackElo "2445"]
[EventDate "2008.02.16"]

1. e4 e5 2. Bc4 Nf6 3. d3 c6 4. Nf3 d5 5. Bb3 Bd6 6. exd5 cxd5 7. Bg5 Be6
8. Nc3 Qa5 9. O-O Nc6 10. Qe1 d4 11. Bxe6 dxc3 12. Bb3 cxb2 13. Rb1 Bb4 14.
Bd2 Bxd2 15. Qxd2 Qc5 16. Rxb2 O-O 17. Re1 Rae8 18. Ng5 Re7 19. Ne4 Nxe4
20. dxe4 Rc7 21. Bd5 Na5 22. Qg5 Rfc8 23. h4 Qe7 24. Qg4 b6 25. Re3 Nc4 26.
Rg3 Qf8 27. Rb1 Kh8 28. h5 Nd6 29. Bb3 Nb5 30. Be6 fxe6 31. Rxb5 Qf4 32.
Qxe6 Rxc2 33. Rxe5 Rf8 34. Qe7 Rf7 35. Qd8+ Rf8 36. Re8 Rxf2 37. Qe7 Qf7
38. Rxf8+ Qxf8 39. Qxa7 h6 40. Qxg7+ Qxg7 41. Rxg7 Rxa2 42. Rg6 Kh7 43.
Rxb6 Ra5 44. Kf2 Rxh5 45. Rf6 Kg7 46. Rf4 Ra5 47. Kf3 Kg6 48. Rf8 Kg5 49.
Rg8+ Kf6 50. Kf4 Ra2 51. Kf3 Ra3+ 52. Kg4 Ra4 53. Rf8+ Ke7 54. Rf4 Ke6 55.
g3 Ra5 56. Rf8 Ra4 57. Kh5 Rxe4 58. Kxh6 Rg4 59. Rf3 Rg8 60. Kh5 Rh8+ 61.
Kg4 Rg8+ 62. Kh3 Rh8+ 63. Kg2 Rg8 64. Rf4 Ke5 65. Kf3 Ra8 66. Kg4 Rg8+ 67.
Kh3 Ra8 68. Rf7 Ke6 69. Rf3 Rh8+ 70. Kg2 Rg8 71. Rf4 Ke5 72. Kh3 Ra8
1/2-1/2

[Event "XXIV Open"]
[Site "Cappelle La Grande FRA"]
[Date "2008.02.22"]
[Round "8"]
[White "Martinez Martin,D"]
[Black "Kravtsiv,M"]
[Result "0-1"]
[WhiteElo "2395"]
[BlackElo "2516"]
[EventDate "2008.02.16"]

1. d4 Nf6 2. c4 e6 3. Nc3 Bb4 4. Qc2 O-O 5. a3 Bxc3+ 6. Qxc3 b6 7. Bg5 Bb7
8. f3 h6 9. Bh4 d5 10. e3 Nbd7 11. cxd5 Nxd5 12. Bxd8 Nxc3 13. Bh4 Nd5 14.
Bf2 f5 15. Bc4 c5 16. Ne2 Rac8 17. Ba2 Ba6 18. Rd1 Kh7 19. Bb1 Kh8 20. Rd2
cxd4 21. Nxd4 Ne5 22. Nxe6 Rc1+ 23. Rd1 Rxb1 24. Rxb1 Nd3+ 25. Kd2 Re8 26.
Bg3 Rxe6 27. b4 Bc4 28. e4 fxe4 29. fxe4 Rxe4 30. Rhf1 N3f4 31. Rf3 Re2+
32. Kd1 Rxg2 0-1

[Event "XXIV Open"]
[Site "Cappelle La Grande FRA"]
[Date "2008.02.22"]
[Round "8"]
[White "Kanarek,M"]
[Black "Renet,O"]
[Result "0-1"]
[WhiteElo "2348"]
[BlackElo "2513"]
[EventDate "2008.02.16"]

1. e4 c5 2. Nf3 e6 3. d4 cxd4 4. Nxd4 Nf6 5. Nc3 d6 6. g4 Nc6 7. g5 Nd7 8.
Be3 Be7 9. h4 O-O 10. Qe2 Nxd4 11. Bxd4 a6 12. Bg2 b5 13. a4 b4 14. Na2 a5
15. O-O-O Ba6 16. Qd2 Qc7 17. b3 Rac8 18. Kb1 Nc5 19. Bb2 e5 20. Nc1 Bb7
21. Rhe1 f5 22. exf5 Bxg2 23. f6 Ne4 24. Qe2 Nxf6 25. gxf6 Bxf6 26. f3 Bh3
27. Nd3 Bf5 28. h5 h6 29. Rg1 Qf7 30. Qh2 Rc6 31. Rg2 Rfc8 32. f4 e4 0-1

[Event "XXIV Open"]
[Site "Cappelle La Grande FRA"]
[Date "2008.02.22"]
[Round "8"]
[White "Moroz,A"]
[Black "Hammer,J"]
[Result "1-0"]
[WhiteElo "2512"]
[BlackElo "2441"]
[EventDate "2008.02.16"]

1. e4 e5 2. Nf3 Nc6 3. Bb5 a6 4. Ba4 Nf6 5. O-O b5 6. Bb3 Bc5 7. a4 Rb8 8.
c3 d6 9. d4 Bb6 10. axb5 axb5 11. Na3 O-O 12. Nxb5 Bg4 13. Be3 exd4 14.
cxd4 Nxe4 15. Qc2 Qe8 16. Ba4 Bd7 17. Nc3 Nf6 18. Bb3 Nb4 19. Qd2 Be6 20.
Ba4 Qc8 21. Bg5 Nfd5 22. Ra3 Bd7 23. Bb3 Bc6 24. Nxd5 Nxd5 25. Bc2 Qd7 26.
Rc1 f6 27. Qd3 g6 28. Bh6 Rfe8 29. Qc4 Re7 30. h3 Kh8 31. Nh4 Bb7 32. Rg3
f5 33. Bg5 Re6 34. Nf3 Qg7 35. Bd2 Qe7 36. Ng5 Re2 37. Qd3 f4 38. Rg4 Bc8
39. Nf7+ Qxf7 40. Qxe2 Bxg4 41. hxg4 Qf6 42. Qf3 Ne7 43. d5 Bd4 44. b4 Be5
45. Be4 Rb7 46. Qd3 Qf8 47. Qa6 Qb8 48. Qa4 Ra7 49. Qb3 Kg8 50. Qc4 Qb6 51.
g5 Qb8 52. Bf3 Qa8 53. Bxf4 Bxf4 54. Qxf4 Ra1 55. Kh2 Rxc1 56. Qxc1 Qa7 57.
Qe1 Nf5 58. Bg4 Qb6 59. Bxf5 gxf5 60. Qe6+ Kg7 61. Qf6+ Kg8 62. g6 hxg6 63.
Qxg6+ Kh8 64. Qxf5 Qxb4 65. Qc8+ Kg7 66. Qxc7+ Kf6 67. Qd8+ Kf7 68. Qd7+
Kf8 69. Qf5+ Ke7 70. Qg5+ Kd7 71. Qf5+ Kc7 72. g4 Kb6 73. Kg2 Qd4 74. g5
Kb5 75. g6 Kc5 76. Kg3 Qc3+ 77. Kg4 Qd4+ 78. Kg5 Qg7 79. f4 Qb2 80. Qe6 Qa1
81. f5 Qb2 82. Qe4 Qd2+ 83. Kf6 Qb2+ 84. Kf7 Qb7+ 85. Kg8 Qb8+ 86. Kh7 Qa7+
87. g7 Qf7 88. Qe6 Qh5+ 89. Kg8 Kd4 90. Kf8 1-0

[Event "XXIV Open"]
[Site "Cappelle La Grande FRA"]
[Date "2008.02.22"]
[Round "8"]
[White "Burmakin,V"]
[Black "Aloma Vidal,R"]
[Result "1-0"]
[WhiteElo "2611"]
[BlackElo "2393"]
[EventDate "2008.02.16"]

1. Nf3 Nf6 2. g3 g6 3. Bg2 Bg7 4. O-O O-O 5. c4 d6 6. d4 Nbd7 7. Nc3 e5 8.
h3 exd4 9. Nxd4 Nb6 10. b3 c5 11. Nc2 Be6 12. e4 Qd7 13. h4 Ng4 14. Bb2 f5
15. f3 Ne5 16. exf5 Bxf5 17. Ne3 Bh3 18. Qc2 Nc6 19. Rae1 Nb4 20. Qb1 Rae8
21. Ne4 Nc6 22. Kh2 Bxg2 23. Kxg2 Nd4 24. Qd3 Qc6 25. Ng4 Nd7 26. h5 Rf5
27. hxg6 hxg6 28. Ng5 Ref8 29. Qe4 Qxe4 30. Rxe4 d5 31. Re7 Nf6 32. Bc1 Nh5
33. Be3 Nf6 34. Bxd4 cxd4 35. Ne6 Rf7 36. Nxf6+ Bxf6 37. Re8+ Kh7 38. g4
1-0

[Event "XXIV Open"]
[Site "Cappelle La Grande FRA"]
[Date "2008.02.22"]
[Round "8"]
[White "Sandipan,C"]
[Black "Nabaty,T"]
[Result "1-0"]
[WhiteElo "2593"]
[BlackElo "2417"]
[EventDate "2008.02.16"]

1. e4 e5 2. Bc4 Nf6 3. d3 Nc6 4. Nf3 Bc5 5. c3 O-O 6. O-O d6 7. Bb3 a6 8.
Bg5 Qe7 9. Nbd2 Nd8 10. d4 Ba7 11. Nc4 exd4 12. cxd4 Qxe4 13. Re1 Qg6 14.
Ne3 Nc6 15. Bc2 Qh5 16. Bxf6 gxf6 17. Qd2 d5 18. Nxd5 Qxd5 19. Qh6 Bf5 20.
Re5 fxe5 21. Bxf5 1-0

[Event "XXIV Open"]
[Site "Cappelle La Grande FRA"]
[Date "2008.02.22"]
[Round "8"]
[White "Zherebukh,Y"]
[Black "Savchenko,B"]
[Result "1-0"]
[WhiteElo "2420"]
[BlackElo "2589"]
[EventDate "2008.02.16"]

1. e4 c5 2. Nf3 Nc6 3. d4 cxd4 4. Nxd4 Nf6 5. Nc3 d6 6. f3 Qb6 7. Nb3 a6 8.
Qe2 e6 9. g4 Qc7 10. Be3 b5 11. O-O-O Bb7 12. g5 Nd7 13. Kb1 Rc8 14. a3
Nce5 15. f4 Nc4 16. Bd4 e5 17. Nd5 Bxd5 18. exd5 Be7 19. Bh3 O-O 20. Bc3
Rce8 21. Qh5 Ne3 22. Rd3 exf4 23. Rxe3 fxe3 24. Bxg7 f5 25. Bxf8 Rxf8 26.
g6 Nf6 27. Qh6 Re8 28. Rg1 Bf8 29. gxh7+ Kh8 30. Qxf6+ Bg7 31. Qg6 Qe7 32.
Nd4 Qe5 33. c3 e2 34. Nxe2 b4 35. axb4 1-0

[Event "XXIV Open"]
[Site "Cappelle La Grande FRA"]
[Date "2008.02.22"]
[Round "8"]
[White "Belov,Vl"]
[Black "Van Oosterom,C"]
[Result "1-0"]
[WhiteElo "2578"]
[BlackElo "2408"]
[EventDate "2008.02.16"]

1. e4 c5 2. Nf3 e6 3. b3 b6 4. Bb2 Bb7 5. Nc3 Nc6 6. g3 a6 7. Bg2 Qc7 8.
O-O Nf6 9. Re1 d6 10. d4 cxd4 11. Nxd4 Be7 12. Nce2 O-O 13. c4 Rad8 14. Rc1
Nd7 15. Nxc6 Bxc6 16. Nf4 Ne5 17. Nd5 Bxd5 18. cxd5 Qd7 19. f4 Ng6 20. h4
Rfe8 21. h5 Nf8 22. Bh3 h6 23. Rc6 Nh7 24. Bd4 Rb8 25. Rxb6 Rxb6 26. Bxb6
Qb5 27. Bf2 exd5 28. Qxd5 Qxd5 29. exd5 Nf6 30. Bf1 a5 31. Bb5 Rb8 32. Bc6
Kf8 33. Re2 Nxh5 34. Be1 g5 35. fxg5 Bxg5 36. Kg2 Ng7 37. Bxa5 Nf5 38. Re4
1-0

[Event "XXIV Open"]
[Site "Cappelle La Grande FRA"]
[Date "2008.02.22"]
[Round "8"]
[White "Brodsky,M"]
[Black "Zeberski,J"]
[Result "1-0"]
[WhiteElo "2572"]
[BlackElo "2398"]
[EventDate "2008.02.16"]

1. d4 d5 2. c4 e6 3. Nc3 Nf6 4. cxd5 exd5 5. Bg5 Be7 6. e3 c6 7. Bd3 O-O 8.
Qc2 Nbd7 9. Nge2 Re8 10. O-O Nf8 11. f3 Be6 12. Rad1 N6d7 13. Bf4 Rc8 14.
Kh1 a6 15. Qb1 Nb6 16. e4 dxe4 17. fxe4 Bc4 18. b3 Bxd3 19. Qxd3 Ng6 20.
Bg3 Qd7 21. Qf3 f6 22. h4 Rcd8 23. h5 Nf8 24. d5 Bd6 25. h6 cxd5 26. Nxd5
Nxd5 27. Rxd5 Qe7 28. hxg7 Ng6 29. Rxd6 Rxd6 30. Bxd6 Qxd6 31. Ng3 Ne5 32.
Qe2 Qd3 33. Qxd3 Nxd3 34. Nh5 Re6 35. g4 Rc6 36. g5 Re6 37. gxf6 Kf7 38.
Rf3 Ne5 39. Rc3 Nc6 40. Rd3 1-0

[Event "XXIV Open"]
[Site "Cappelle La Grande FRA"]
[Date "2008.02.22"]
[Round "8"]
[White "Savchenko,S"]
[Black "Foisor,O"]
[Result "1-0"]
[WhiteElo "2558"]
[BlackElo "2401"]
[EventDate "2008.02.16"]

1. d4 g6 2. c4 Bg7 3. Nf3 d6 4. Nc3 c6 5. e4 a6 6. Be2 b5 7. O-O Nd7 8. a3
Bb7 9. Re1 Qb8 10. Bf1 e5 11. d5 Ngf6 12. Be3 O-O 13. Nd2 Rc8 14. Rc1 bxc4
15. dxc6 Bxc6 16. Nxc4 Bf8 17. f3 a5 18. Qd2 a4 19. Rcd1 Nc5 20. Bxc5 dxc5
21. Qg5 Nd7 22. Re2 Re8 23. Red2 Ra7 24. Qe3 Re6 25. g3 Nb6 26. Rd8 Qc7 27.
Qxc5 Re8 28. Rxe8 Bxe8 29. Qxc7 Rxc7 30. Nxb6 Bc5+ 31. Kh1 Bxb6 32. Rd8 Re7
33. Rc8 1-0

[Event "XXIV Open"]
[Site "Cappelle La Grande FRA"]
[Date "2008.02.22"]
[Round "8"]
[White "Aveskulov,V"]
[Black "Clery,N"]
[Result "1-0"]
[WhiteElo "2532"]
[BlackElo "2390"]
[EventDate "2008.02.16"]

1. e4 e6 2. d4 d5 3. Nc3 Nf6 4. Bg5 Bb4 5. e5 h6 6. Bc1 Ne4 7. Qg4 g5 8.
Nge2 c5 9. a3 Ba5 10. b4 Nxc3 11. Nxc3 cxd4 12. bxa5 dxc3 13. h4 Rg8 14.
hxg5 Nc6 15. Qh5 hxg5 16. Qh7 Ne7 17. Rh5 Qc7 18. Bxg5 Qxe5+ 19. Be3 Qf6
20. Qd3 Bd7 21. Rb1 Bc6 22. a6 b6 23. Bd4 Qg6 24. Qxg6 Rxg6 25. g3 O-O-O
26. Bd3 Rg4 27. Bf6 Rd7 28. Rb4 Rg8 29. Bxc3 Ba8 30. Bf6 Nc6 31. Rbh4 Ne7
32. Rh8 Kc7 33. Bxe7 1-0

[Event "XXIV Open"]
[Site "Cappelle La Grande FRA"]
[Date "2008.02.22"]
[Round "8"]
[White "Bogner,S"]
[Black "Shneider,Alek"]
[Result "0-1"]
[WhiteElo "2401"]
[BlackElo "2532"]
[EventDate "2008.02.16"]

1. e4 c5 2. Nf3 d6 3. d4 cxd4 4. Nxd4 Nf6 5. Nc3 a6 6. Bg5 e6 7. f4 Nbd7 8.
Qf3 Qc7 9. O-O-O b5 10. Bd3 Bb7 11. Rhe1 Qb6 12. Nd5 Qxd4 13. Bxb5 Qc5 14.
b4 Qc8 15. Nb6 Qc7 16. Nxa8 Bxa8 17. Bxa6 Be7 18. Qd3 O-O 19. Bb5 h6 20.
Bh4 Nb6 21. a4 Rc8 22. g3 d5 23. e5 Ne4 24. Bxe7 Qxe7 25. Rxe4 dxe4 26. Qd6
Qa7 27. Qd4 Qc7 28. Rd2 Bd5 29. Kb2 Qb7 30. Re2 Nc4+ 0-1

[Event "XXIV Open"]
[Site "Cappelle La Grande FRA"]
[Date "2008.02.22"]
[Round "8"]
[White "Czerwonski,A"]
[Black "Czarnota,P"]
[Result "0-1"]
[WhiteElo "2388"]
[BlackElo "2530"]
[EventDate "2008.02.16"]

1. d4 Nf6 2. c4 g6 3. Nc3 Bg7 4. e4 d6 5. f3 O-O 6. Be3 a6 7. Qd2 Nfd7 8.
h4 c5 9. h5 b5 10. hxg6 hxg6 11. dxc5 dxc5 12. Bh6 Bh8 13. Qf4 Qa5 14. Qh4
Bxc3+ 15. Bd2 Bxd2+ 16. Ke2 Kg7 17. Rd1 Nc6 18. Rxd2 Nd4+ 19. Rxd4 cxd4 20.
f4 Bb7 21. Qh6+ Kf6 22. Nf3 Ke6 23. c5 Nxc5 24. Qg7 Nxe4 25. Qxd4 Ng3+ 26.
Kf2 Nxh1+ 27. Kg1 Bxf3 0-1

[Event "XXIV Open"]
[Site "Cappelle La Grande FRA"]
[Date "2008.02.22"]
[Round "8"]
[White "Saravanan,V1"]
[Black "Luther,T"]
[Result "0-1"]
[WhiteElo "2379"]
[BlackElo "2526"]
[EventDate "2008.02.16"]

1. Nf3 d5 2. d4 e6 3. c4 a6 4. cxd5 exd5 5. Nc3 c6 6. Bf4 Bd6 7. Bxd6 Qxd6
8. e4 dxe4 9. Nxe4 Qe7 10. Qe2 Be6 11. Nc5 Nf6 12. Nxe6 fxe6 13. O-O-O O-O
14. g3 Nbd7 15. Bh3 Rfe8 16. Rhe1 Nf8 17. Ng5 Qd6 18. Nxe6 Qd5 19. Kb1 Kf7
20. Qe5 Nxe6 0-1

[Event "XXIV Open"]
[Site "Cappelle La Grande FRA"]
[Date "2008.02.22"]
[Round "8"]
[White "Voekler,B"]
[Black "Maiorov,N1"]
[Result "0-1"]
[WhiteElo "2371"]
[BlackElo "2525"]
[EventDate "2008.02.16"]

1. e4 e5 2. Nf3 Nc6 3. Bb5 a6 4. Ba4 Nf6 5. O-O Be7 6. Re1 b5 7. Bb3 d6 8.
c3 O-O 9. d4 Bg4 10. Be3 exd4 11. cxd4 Na5 12. Bc2 Nc4 13. Bc1 c5 14. b3
Nb6 15. Nbd2 Re8 16. Bb2 Nfd7 17. dxc5 dxc5 18. h3 Bh5 19. Nf1 Qc7 20. Ng3
Bg6 21. e5 Nf8 22. Nf5 Ne6 23. Nxe7+ Rxe7 24. Bxg6 hxg6 25. Qc1 Nd5 26. Ng5
Ndf4 27. Nxe6 Nxe6 28. Qe3 Rd8 29. Rac1 Red7 30. Rc2 Rd3 31. Qc1 R8d5 32.
Rc3 Qd8 33. Rxd3 Rxd3 34. Qb1 Qd5 35. Kh2 Nf4 36. Rg1 Rd2 37. Bc1 Rxf2 38.
Bxf4 Rxf4 39. Qe1 Re4 40. Qa5 Qxe5+ 41. Kh1 Qd6 42. Re1 Rxe1+ 43. Qxe1 Qd8
44. Qc1 Qc7 45. Qe1 c4 46. bxc4 bxc4 47. Qc3 Qc5 48. Kh2 Qd6+ 49. Kg1 Qd3
50. Qxd3 cxd3 51. Kf2 Kh7 52. Ke3 Kh6 53. Kxd3 Kh5 54. g3 g5 55. Ke4 g6 56.
a4 f5+ 57. Kf3 a5 58. Ke3 Kh6 59. Kd4 Kg7 60. Ke5 Kf7 61. Kd4 Ke6 62. Ke3
Ke5 63. Kf3 Kd4 64. Kf2 Kc4 65. h4 gxh4 0-1

[Event "XXIV Open"]
[Site "Cappelle La Grande FRA"]
[Date "2008.02.22"]
[Round "8"]
[White "Kharitonov,Alexandr"]
[Black "Piorun,K"]
[Result "1-0"]
[WhiteElo "2524"]
[BlackElo "2370"]
[EventDate "2008.02.16"]

1. d4 Nf6 2. c4 g6 3. g3 Bg7 4. Bg2 d6 5. Nc3 O-O 6. Nf3 Nbd7 7. O-O e5 8.
e4 c6 9. h3 Qb6 10. Re1 exd4 11. Nxd4 Re8 12. Re2 Ng4 13. Rd2 Nge5 14. b3
Nc5 15. Rc2 Ned7 16. Be3 Nf6 17. f3 Nh5 18. Bf2 Qc7 19. f4 Bd7 20. Rd2 Rad8
21. Qc2 Qb8 22. Rad1 b5 23. cxb5 cxb5 24. b4 Ne6 25. Nde2 Bc6 26. Qb3 Bf8
27. Nd5 Qb7 28. Bf3 Bg7 29. Rc2 Rc8 30. Rdc1 Bxd5 31. Qxd5 Qa6 32. Rxc8
Rxc8 33. Rxc8+ Qxc8 34. Qxb5 a6 35. Qd3 Nf6 36. Kg2 Bf8 37. a4 Nd7 38. Nc3
Qb7 39. Nd5 Qc6 40. a5 Kh8 41. Be2 Nb8 42. b5 axb5 43. Qxb5 1-0

[Event "XXIV Open"]
[Site "Cappelle La Grande FRA"]
[Date "2008.02.22"]
[Round "8"]
[White "Abbasov,F"]
[Black "Fierro Baquero,M"]
[Result "1/2-1/2"]
[WhiteElo "2519"]
[BlackElo "2341"]
[EventDate "2008.02.16"]

1. d4 Nf6 2. c4 g6 3. Nc3 Bg7 4. e4 d6 5. Bd3 O-O 6. Nge2 e5 7. d5 Nbd7 8.
Bc2 a5 9. O-O Nc5 10. Ng3 Bd7 11. a4 h5 12. Bg5 Qe8 13. Qd2 Nh7 14. Be3 Qe7
15. Nb5 Bxb5 16. cxb5 Bf6 17. Ra3 Bg5 18. Bxg5 Qxg5 19. Qe1 Kh8 20. Ne2 b6
21. Re3 Rae8 22. Qc3 Qf6 23. Kh1 Qg7 24. Ng1 Nf6 25. Nf3 Ng4 26. Re2 Nh6
27. h3 f5 28. exf5 gxf5 29. Nh4 Qf6 30. g3 Rf7 31. f4 e4 32. Qe3 Qxb2 33.
Bd1 Qf6 34. Rg2 Rg8 35. Bxh5 Rfg7 36. Rfg1 Nxa4 37. Be2 Nc5 38. Bc4 Kh7 39.
Kh2 Kh8 40. Rc2 Rh7 41. Qc3 Qxc3 42. Rxc3 Kg7 43. Kg2 Kf6 44. Kf2 Nf7 45.
Rh1 Rgh8 46. Re3 Nh6 47. Rd1 1/2-1/2

[Event "XXIV Open"]
[Site "Cappelle La Grande FRA"]
[Date "2008.02.22"]
[Round "8"]
[White "Ulibin,M"]
[Black "Vul,A"]
[Result "1-0"]
[WhiteElo "2518"]
[BlackElo "2337"]
[EventDate "2008.02.16"]

1. e4 e5 2. Nf3 Nc6 3. Bb5 g6 4. c3 Nge7 5. d4 exd4 6. cxd4 d5 7. Bg5 dxe4
8. Ne5 Bd7 9. Bxe7 Bxe7 10. Nxd7 Qxd7 11. d5 O-O-O 12. Nc3 Qf5 13. Bxc6
bxc6 14. Qa4 Bc5 15. O-O-O cxd5 16. Qc6 Qf4+ 17. Kc2 Qd6 18. Qa8+ Kd7 19.
Qxd5 Qxd5 20. Rxd5+ Kc6 21. Rxd8 Rxd8 22. Nxe4 Re8 23. Kd3 f5 24. Nxc5 Kxc5
25. Rc1+ Kb6 26. Kd2 Rd8+ 27. Ke3 Re8+ 28. Kf3 c5 29. Rc3 Re7 30. Re3 Rd7
31. Ke2 Kb5 32. h4 a5 33. h5 gxh5 34. Rh3 Re7+ 35. Kf3 c4 36. Rxh5 Kb4 37.
Rxf5 Rb7 38. Ke3 Ka4 39. Rc5 Rxb2 40. Rxc4+ Ka3 41. Rc7 Kxa2 42. Rxh7 Rb3+
43. Ke4 Rb4+ 44. Kf5 Rb5+ 45. Kg4 a4 46. f4 a3 47. f5 Kb3 48. f6 a2 49. Rh1
Kc4 50. f7 Rb8 51. Kg5 Rb5+ 52. Kf4 Rb8 53. Ra1 Rf8 54. Rxa2 Rxf7+ 55. Ke5
Rg7 56. g4 Rg8 57. Rg2 Re8+ 58. Kf6 Rf8+ 59. Ke7 Rf3 60. g5 Re3+ 61. Kf7
Kd5 62. g6 Rf3+ 63. Kg8 Ke6 64. g7 Rh3 65. Kf8 1-0

[Event "XXIV Open"]
[Site "Cappelle La Grande FRA"]
[Date "2008.02.22"]
[Round "8"]
[White "Bielczyk,J"]
[Black "Zinchenko,Ya"]
[Result "0-1"]
[WhiteElo "2326"]
[BlackElo "2516"]
[EventDate "2008.02.16"]

1. e4 c5 2. Nf3 d6 3. d4 cxd4 4. Nxd4 Nf6 5. Nc3 Nc6 6. Be2 e5 7. Nxc6 bxc6
8. Qd3 Be7 9. Qg3 O-O 10. O-O Nd7 11. Rd1 Qc7 12. b3 Rd8 13. Kh1 Nf8 14. f4
exf4 15. Bxf4 Ne6 16. Bc1 Bf6 17. Bb2 Be5 18. Qf2 Qe7 19. Na4 Bxb2 20. Nxb2
Nc5 21. Bf3 Nxe4 22. Bxe4 Qxe4 23. Rxd6 Rxd6 24. Re1 Bf5 25. Rxe4 Bxe4 26.
Qf4 Rf6 0-1

[Event "XXIV Open"]
[Site "Cappelle La Grande FRA"]
[Date "2008.02.22"]
[Round "8"]
[White "Sergeev,Vl"]
[Black "Boric,E"]
[Result "1-0"]
[WhiteElo "2502"]
[BlackElo "2274"]
[EventDate "2008.02.16"]

1. d4 f5 2. Bg5 Nf6 3. Bxf6 exf6 4. e3 d5 5. c4 c6 6. Nc3 dxc4 7. Bxc4 Nd7
8. a3 Nb6 9. Ba2 Bd6 10. Nge2 Qe7 11. O-O Be6 12. Qb1 Bxa2 13. Rxa2 g6 14.
Rd1 O-O 15. b4 Kg7 16. g3 Rad8 17. b5 c5 18. a4 cxd4 19. Nxd4 Be5 20. Nce2
Rd7 21. Qb3 Bxd4 22. Nxd4 Qf7 23. Ne6+ Kh8 24. Rxd7 Nxd7 25. Rd2 Re8 26.
Nc5 Qxb3 27. Nxb3 Ne5 28. Rc2 Nf3+ 29. Kf1 Nxh2+ 30. Kg2 Ng4 31. Rc7 Rb8
32. Nc5 b6 33. Nd7 Ra8 34. Kf1 Kg8 35. Ke2 h5 36. f3 Ne5 37. Nxf6+ Kf8 38.
f4 Ng4 39. Nd5 Rd8 40. Ne7 Ra8 41. Nxg6+ 1-0

[Event "XXIV Open"]
[Site "Cappelle La Grande FRA"]
[Date "2008.02.22"]
[Round "8"]
[White "Vera Gonzalez Quevedo,R"]
[Black "Ohme,M"]
[Result "1/2-1/2"]
[WhiteElo "2495"]
[BlackElo "2267"]
[EventDate "2008.02.16"]

1. d4 Nf6 2. c4 g6 3. Nc3 Bg7 4. e4 d6 5. Bd3 O-O 6. Nge2 e5 7. d5 a5 8. f3
Na6 9. Bg5 Qe8 10. Qd2 c6 11. O-O cxd5 12. cxd5 Bd7 13. a4 Nc5 14. Ra3 Qe7
15. Bb5 Rfc8 16. Bxd7 Qxd7 17. Nb5 Ne8 18. Be3 Bf6 19. Rc1 Bd8 20. Qd1 Bb6
21. Kh1 Nc7 22. Nxc7 Qxc7 23. Rac3 Qd8 24. Qc2 Rcb8 25. Ng3 Na6 26. Nf1
1/2-1/2

[Event "XXIV Open"]
[Site "Cappelle La Grande FRA"]
[Date "2008.02.22"]
[Round "8"]
[White "Mateo,Ra"]
[Black "Hrabinska,M"]
[Result "1-0"]
[WhiteElo "2484"]
[BlackElo "2263"]
[EventDate "2008.02.16"]

1. c4 e5 2. Nc3 Nc6 3. g3 g6 4. Bg2 Bg7 5. e3 d6 6. Nge2 Be6 7. Nd5 Qd7 8.
d4 Nge7 9. O-O O-O 10. b3 exd4 11. exd4 Bg4 12. f3 Bf5 13. g4 Be6 14. Ndc3
d5 15. c5 h5 16. h3 hxg4 17. fxg4 f5 18. g5 f4 19. Rf3 Nf5 20. Rxf4 Nfxd4
21. Nxd4 Rxf4 22. Nxe6 Bxc3 23. Bxf4 Bxa1 24. Nxc7 Bd4+ 25. Kh1 Rf8 26.
Nxd5 Qf5 27. b4 Rd8 28. Bd6 Re8 29. b5 Qf2 30. Nf6+ Bxf6 31. Qd5+ Kh8 32.
gxf6 Re1+ 33. Kh2 Qg1+ 34. Kg3 Qe3+ 35. Qf3 Nd4 36. Qxe3 Rxe3+ 37. Kf4 Re2
38. Bd5 Ne6+ 39. Kf3 Nd4+ 40. Kg4 Nf5 41. f7 Nh6+ 42. Kf3 1-0